| 000 | 01138nam a22003017a 4500 | ||
|---|---|---|---|
| 999 |
_c200451362 _d69574 |
||
| 003 | TR-AnTOB | ||
| 005 | 20230120161827.0 | ||
| 007 | ta | ||
| 008 | 230116s2022 tu a 000 0 tur d | ||
| 020 | _a9786057128591 | ||
| 040 |
_aTR-AnTOB _beng _erda _cTR-AnTOB |
||
| 041 | 0 | _atur | |
| 050 | 1 | 4 |
_aHD4904.7 _b.Y39 2022 |
| 090 |
_aHD4904.7 _b.Y39 2022 |
||
| 100 | 1 |
_aYavuz, Hacer Vildan _9118013 _eauthor |
|
| 245 | 1 | 0 |
_aBeşeri sermaye teorisinin Türkiye işgücü piyasasında geçerliliği : _bbütüncül bir yaklaşım / _cDr. Hacer Vildan Yavuz. |
| 250 | _a1. Basım: Aralık 2022 | ||
| 264 | 1 |
_aAnkara : _bTürk Metal Sendikası Araştırma ve Eğitim Merkezi Yayınları, _c2022. |
|
| 300 |
_axvii, 134 pages : _billustrations, tables, graphs ; _c24 cm |
||
| 336 |
_2rdacontent _atext _btxt |
||
| 337 |
_2rdamedia _aunmediated _bn |
||
| 338 |
_2rdacarrier _avolume _bnc |
||
| 490 | 0 |
_aTürk Metal Sendikası Araştırma ve Eğitim Merkezi Yayınları ; _v85 |
|
| 650 | 0 |
_aBeşeri sermaye _920350 _zTürkiye |
|
| 650 | 7 |
_aİş piyasası _2etuturkob _918442 _zTürkiye |
|
| 942 |
_2lcc _cBK |
||